Estadísticas para Quiz de la Provincia de Tarragona

Haz click aquí para intentar la prueba.

Estadísticas generales

  • Esta prueba ha sido intentada 37 veces
  • La puntuación promedio es 8 de 12

Estadísticas de respuestas

HintRespuesta% Correcto
Idiomas oficiales (di cualquiera)Castellano / Catalán
100%
Comunidad autónoma de la que forma parte.Cataluña
94%
Famoso parque de atracciones situado a escasos kilómetros de la capital.Portaventura World
94%
Capital.Tarragona
94%
Nombre de la segunda ciudad más grande...Reus
87%
Imperio que convirtió la capital en una de las ciudades más importantes de España.Imperio Romano
81%
...y fruto seco que produce con denominación de origen.Avellana
74%
Salsa típica de la provincia hecha con tomate y ajos.Romesco
71%
Montaña más alta (pista: empieza por C)Mont Caro
29%
Plato típico de las fiestas de Santa Tecla hecho con atún y caracoles.Espineta con caracoles
19%
Bebida hecha con diferentes zumos de frutas también de la ciudad recién mencionada (pista: empieza por P)Plim
16%
Musicólogo que estudio en Alemania y fue director del Instituto Español de Musicología.Higinio Anglès
10%

Distribución de puntuación

Porcentaje por número respondido

Porcentaje de gente con cada puntuación

Historial de tus puntuaciones

No has intentado esta prueba.